PDC-Dartsgrid DE #6 - Statistiken

Allgemein
  • Dieses Quiz wurde 51 mal gespielt
    25 seit der letzten Aktualisierung
  • Das Durchschnittsergebnis liegt bei 5 aus 9
Antwortstatistiken
Deutsche Nationalität Development-Tour Sieger Nachame startet mit G % Korrekt
Turnier-Sieger auf der European-Tour Ricardo Pietreczko | Martin Schindler . .
100%
Platz 49-64 in der Weltrangliste Florian Hempel . .
95%
Brillenträger Lukas Wenig . .
63%
Gian van Veen
58%
Daryl Gurney | Michael van Gerwen
53%
Patrick Geeraets | Andrew Gilding
53%
Luke Humphries
32%
Adam Gawlas
26%
Ryan Meikle
5%
Keine übereinstimmenden Quizze gefunden
Verteilung der Resultate
Anzahl Personen mit jedem Resultat
Perzentil nach korrekt beantworteten Fragen
Ihre Resultats-Entwicklung
Sie haben dieses Quiz seit der letzten Aktualisierung nicht gespielt